<?xml version="1.0" encoding="UTF-8"?>
<record
    xmlns:xsi="http://www.w3.org/2001/XMLSchema-instance"
    xsi:schemaLocation="http://www.loc.gov/MARC21/slim http://www.loc.gov/standards/marcxml/schema/MARC21slim.xsd"
    xmlns="http://www.loc.gov/MARC21/slim">

  <leader>01688nam a22002417a 4500</leader>
  <controlfield tag="005">20210925060654.0</controlfield>
  <controlfield tag="008">210925b           ||||| |||| 00| 0 eng d</controlfield>
  <datafield tag="020" ind1=" " ind2=" ">
    <subfield code="a">911126856795</subfield>
  </datafield>
  <datafield tag="040" ind1=" " ind2=" ">
    <subfield code="c">AL</subfield>
  </datafield>
  <datafield tag="041" ind1=" " ind2=" ">
    <subfield code="a">eng</subfield>
  </datafield>
  <datafield tag="082" ind1=" " ind2=" ">
    <subfield code="2">23</subfield>
    <subfield code="a">150.8863</subfield>
    <subfield code="b">SHIS</subfield>
  </datafield>
  <datafield tag="100" ind1=" " ind2=" ">
    <subfield code="a">Vandana Shiva; Kunwar Jalees</subfield>
    <subfield code="9">322</subfield>
  </datafield>
  <datafield tag="245" ind1=" " ind2=" ">
    <subfield code="a">Seeds of Suicide</subfield>
    <subfield code="b">The Ecological and Human costs of seed Monopolies and Globalisation of agriculture</subfield>
  </datafield>
  <datafield tag="260" ind1=" " ind2=" ">
    <subfield code="a">New Delhi</subfield>
    <subfield code="b">Navdanya</subfield>
    <subfield code="c">2006</subfield>
  </datafield>
  <datafield tag="300" ind1=" " ind2=" ">
    <subfield code="a">x,298 p.</subfield>
    <subfield code="b">PB</subfield>
    <subfield code="c">28x21 cm.</subfield>
  </datafield>
  <datafield tag="365" ind1=" " ind2=" ">
    <subfield code="f">2013/03/24</subfield>
  </datafield>
  <datafield tag="500" ind1=" " ind2=" ">
    <subfield code="a">Psychology</subfield>
  </datafield>
  <datafield tag="520" ind1=" " ind2=" ">
    <subfield code="a">May 22 has been declared International Biodiversity Day by the United Nations. It gives us an opportunity to become aware of the rich biodiversity that has been evolved by our farmers as co-creators with nature. It also provides an opportunity to acknowledge the threats to our biodiversity and our rights from IPR monopolies and monocultures.

Just as our Vedas and Upanishads have no individual authors, our rich biodiversity, including seeds, have been evolved cumulatively. They are a common heritage of present and future farm communities who have evolved them collectively. I recently joined tribals in Central India who have evolved thousands of rice varieties for their festival of &#x201C;Akti&#x201D;. Akti is a celebration of the relationship of the seed and the soil, and the sharing of the seed as a sacred duty to the Earth and the community.</subfield>
    <subfield code="b">http://www.asianage.com/columnists/seeds-suicide-692</subfield>
    <subfield code="u">https://www.libs.uga.edu/reserves/docs/scans/seeds%20of%20suicide.pdf</subfield>
  </datafield>
  <datafield tag="650" ind1=" " ind2=" ">
    <subfield code="a">Farmer Suicidal Behaviour</subfield>
    <subfield code="9">323</subfield>
  </datafield>
  <datafield tag="650" ind1=" " ind2=" ">
    <subfield code="a">Stress</subfield>
    <subfield code="9">324</subfield>
  </datafield>
  <datafield tag="700" ind1=" " ind2=" ">
    <subfield code="a">SHIVA (Vandana); JALEES (Kunwar)</subfield>
    <subfield code="9">325</subfield>
  </datafield>
  <datafield tag="942" ind1=" " ind2=" ">
    <subfield code="2">ddc</subfield>
    <subfield code="c">GF</subfield>
  </datafield>
  <datafield tag="999" ind1=" " ind2=" ">
    <subfield code="c">216380</subfield>
    <subfield code="d">216380</subfield>
  </datafield>
  <datafield tag="952" ind1=" " ind2=" ">
    <subfield code="0">0</subfield>
    <subfield code="1">0</subfield>
    <subfield code="2">ddc</subfield>
    <subfield code="4">0</subfield>
    <subfield code="7">0</subfield>
    <subfield code="8">PSY</subfield>
    <subfield code="a">AL</subfield>
    <subfield code="b">AL</subfield>
    <subfield code="d">2013-03-24</subfield>
    <subfield code="g">2013.00</subfield>
    <subfield code="l">0</subfield>
    <subfield code="o">150.8863 SHIS</subfield>
    <subfield code="p">GF01593</subfield>
    <subfield code="r">2021-09-25 00:00:00</subfield>
    <subfield code="w">2013-03-24</subfield>
    <subfield code="y">GF</subfield>
  </datafield>
</record>
